01503cam a22003375a 45000010009000000050017000090080041000260200018000670200027000850400054001120820021001661000020001872450097002072600068003043000034003725000024004065040031004306500035004616500032004966500050005286500044005786500039006226510010006616530024006717000018006957730070007137760215007839420008009989990017010069520142010231165454220201128023949.0151113t2016 enka frb 001 0 eng d a9780128022245 a9780128024935 (e-book) aMiAaPQbengepncMiAaPQdMiAaPQdWaSeSSdEG-ScBUE04a658.155222bALL1 aAllen, Gregory.10aThreat assessment and risk analysis :ban applied approach /cGregory Allen and Rachel Derr. aOxford ;aWaltham :bButterworth-Heinemann / Elsevier,cc.2016. avii, 147 p. :bill. ;c28 cm. aIndex : p. 143-147. aBibliography : p. 141-142. 7aRisk management.2BUEsh912222 7aThreatsxPrevention.2BUEsh 7aViolence in the workplacexPrevention.2BUEsh 7aCorporationsxSecurity measures.2BUEsh 7aBehavioral assessment.2BUEsh9921 2BUEsh bCOMSCIcOctober20161 aDerr, Rachel. 0teBook - Forensics, Security, and Criminal Justice 2015 [EBCFOR15]08iPrint version:aAllen, Gregory.tThreat assessment and risk analysis : an applied approach.dOxford, England ; Waltham, Massachusetts : Butterworth Heinemann, c2016 hvii, 147 pages z9780128022245 w2015941244 2ddc c22936d22908 00102ddc40708BaccahaMAINbMAINc1STd2016-10-31ePurchaseg570.00h25137l0o658.155 ALLp000034424r2025-07-15 00:00:00v712.50yBB